LEADER 01320nam a2200277 a 4500 001 000000163202 003 CaOOAMICUS 005 20171005174245.0 006 a 000 u 008 171005s1997 it m 001 u eng r 032 $aLibriCat 040 $aPUL$bita 100 1 $aPalatty Koonathan, Varghese.$0(OLS)http://pul/name/104819 245 14$aThe concept of God in the Sarna religion of the Oraons and the christian concept of God :$ba comparative study / $cVarghese Palatty Koonathan. 260 $aRoma :$b[s.n.],$c1997. 300 $a118 p. ; $c25 cm. 502 $aEstratto di Tesi -- Pontificia Universitą Gregoriana. Facoltą di Missiologia. 1997. 504 $aBibliografia in nota a pič pagina. 650 04$aDio.$0(OLS)http://pul/subject/3878 710 2 $aPontificia Universitą Gregoriana.$bFacoltą di missiologia.$kTesi.$0(OLS)http://pul/name/82191 850 $aPUL 852 $aPUL$W1$xDP1 Tesi Pon. Univ. Gregoriana$y40$mTH PUG 4384$j187249$qTesi$B190415$CPULBib$Z2$F190415 $H78396 $82 941 1 $a16 996 $6245$aThe concept of God in the Sarna religion of the Oraons and the christian concept of God :$ba comparative study / $9(OLS)http://pul/title/202934 996 $6260$aRoma :$b[s.n.]$9(OLS)http://pul/publisher/47958 LEADER 00853nam a2200229 a 4500 001 000000167896 003 CaOOAMICUS 005 20180524162347.0 008 180524s1942 it a 000 u ita r 032 $aLibriCat 040 $aPUL$bita 100 1 $aBeltramini, Gino.$0(OLS)http://pul/name/108111 245 10$aNozioni di mitologia classica /$cGino Beltramini. 260 $aVerona :$bL'albero,$c©1942. 300 $a143 p. :$bill. ;$c22 cm. 650 4$aMitologia classica.$0(OLS)http://pul/subject/21884 850 $aPUL 852 $aPUL$W1$xDP1 Fondo Dalla Palma$y117$m3 G 20$j166967$qFondi$B195670$CPULBib$Z2$F195670 $HDal1164 $81 941 1 $a1 996 $6245$aNozioni di mitologia classica$9(OLS)http://pul/title/208031 996 $6260$aVerona :$bL'albero$9(OLS)http://pul/publisher/86758